<?xml version="1.0" encoding="UTF-8"?>
<collection xmlns="http://www.loc.gov/MARC21/slim">
<record>
  <controlfield tag="001">163725</controlfield>
  <controlfield tag="005">20251030150827.0</controlfield>
  <datafield tag="024" ind1="7" ind2=" ">
    <subfield code="2">doi</subfield>
    <subfield code="a">10.30827/erph.36.2025.34320</subfield>
  </datafield>
  <datafield tag="024" ind1="8" ind2=" ">
    <subfield code="2">sideral</subfield>
    <subfield code="a">145811</subfield>
  </datafield>
  <datafield tag="037" ind1=" " ind2=" ">
    <subfield code="a">ART-2025-145811</subfield>
  </datafield>
  <datafield tag="041" ind1=" " ind2=" ">
    <subfield code="a">spa</subfield>
  </datafield>
  <datafield tag="100" ind1=" " ind2=" ">
    <subfield code="a">Pallarés Jiménez, Miguel Ángel</subfield>
    <subfield code="u">Universidad de Zaragoza</subfield>
    <subfield code="0">(orcid)0000-0003-3459-5965</subfield>
  </datafield>
  <datafield tag="245" ind1=" " ind2=" ">
    <subfield code="a">GONZÁLEZ VÁZQUEZ, D. y GUIXÉ COROMINAS, J. (Eds.) (2024). El patrimonio del conflicto. Debates y experiencias entre memoria y materialidad. Los Libros de la Catarata, Madrid, 2024</subfield>
  </datafield>
  <datafield tag="260" ind1=" " ind2=" ">
    <subfield code="c">2025</subfield>
  </datafield>
  <datafield tag="520" ind1="3" ind2=" ">
    <subfield code="a">En el amplio elenco de elementos patrimoniales que son objeto de estudio, el patrimonio del conflicto abarca una gran parcela, diversa y compleja, donde se tienen en cuenta los espacios en los que, en algún momento, se ha manifestado la violencia: campos de batalla, fortificaciones, lugares de represión y reclusión, espacios relacionados con el colonialismo o la esclavitud, sitios referenciales de genocidios o crímenes contra la humanidad, etc. Las distintas tipologías que lo componen requieren para su análisis marcos comparativos a nivel transnacional, por lo que hay que abordar desde la diversidad ese particular conjunto, en el que la memoria y la historia convergen. Podemos considerar, pues, que el reto al que se han enfrentado David González Vázquez y Jordi Guixé, de Eurom (European Observatory on Memories) y la Fundació Solidaritat (Universitat de Barcelona), a la hora de coordinar esta publicación, no ha sido pequeño; por lo que es loable la variedad y la calidad de los casos recogidos en la monografía, que son una invitación al debate y la reflexión acerca de los lugares de conflicto y de memoria.</subfield>
  </datafield>
  <datafield tag="506" ind1="0" ind2=" ">
    <subfield code="a">Access copy available to the general public</subfield>
    <subfield code="f">Unrestricted</subfield>
  </datafield>
  <datafield tag="540" ind1=" " ind2=" ">
    <subfield code="9">info:eu-repo/semantics/openAccess</subfield>
    <subfield code="a">by-nc</subfield>
    <subfield code="u">https://creativecommons.org/licenses/by-nc/4.0/deed.es</subfield>
  </datafield>
  <datafield tag="655" ind1=" " ind2="4">
    <subfield code="a">info:eu-repo/semantics/other</subfield>
    <subfield code="v">info:eu-repo/semantics/publishedVersion</subfield>
  </datafield>
  <datafield tag="710" ind1="2" ind2=" ">
    <subfield code="1">4013</subfield>
    <subfield code="2">210</subfield>
    <subfield code="a">Universidad de Zaragoza</subfield>
    <subfield code="b">Dpto. Didácticas Específicas</subfield>
    <subfield code="c">Área Didáctica Ciencias Socia.</subfield>
  </datafield>
  <datafield tag="773" ind1=" " ind2=" ">
    <subfield code="g">36 (2025), 183-186</subfield>
    <subfield code="p">ERPH</subfield>
    <subfield code="t">ERPH. Revista electrónica de patrimonio histórico</subfield>
    <subfield code="x">1988-7213</subfield>
  </datafield>
  <datafield tag="856" ind1="4" ind2=" ">
    <subfield code="s">1048861</subfield>
    <subfield code="u">http://zaguan.unizar.es/record/163725/files/texto_completo.pdf</subfield>
    <subfield code="y">Versión publicada</subfield>
  </datafield>
  <datafield tag="856" ind1="4" ind2=" ">
    <subfield code="s">2579393</subfield>
    <subfield code="u">http://zaguan.unizar.es/record/163725/files/texto_completo.jpg?subformat=icon</subfield>
    <subfield code="x">icon</subfield>
    <subfield code="y">Versión publicada</subfield>
  </datafield>
  <datafield tag="909" ind1="C" ind2="O">
    <subfield code="o">oai:zaguan.unizar.es:163725</subfield>
    <subfield code="p">articulos</subfield>
    <subfield code="p">driver</subfield>
  </datafield>
  <datafield tag="951" ind1=" " ind2=" ">
    <subfield code="a">2025-10-30-14:39:45</subfield>
  </datafield>
  <datafield tag="980" ind1=" " ind2=" ">
    <subfield code="a">ARTICLE</subfield>
  </datafield>
</record>
</collection>